Building Web Solutions With ASP .Net And ADO .Net (Record no. 306587)
[ view plain ]
| 000 -LEADER | |
|---|---|
| fixed length control field | 00428nam a2200157Ia 4500 |
| 008 - FIXED-LENGTH DATA ELEMENTS--GENERAL INFORMATION | |
| fixed length control field | 230718s9999 xx 000 0 und d |
| 041 ## - LANGUAGE CODE | |
| Language code of text/sound track or separate title | eng |
| 082 ## - DEWEY DECIMAL CLASSIFICATION NUMBER | |
| Classification number | 005.678 |
| Item number | ESP |
| 100 ## - MAIN ENTRY--PERSONAL NAME | |
| Personal name | Esposito D. |
| 9 (RLIN) | 127515 |
| 245 ## - TITLE STATEMENT | |
| Title | Building Web Solutions With ASP .Net And ADO .Net |
| 260 ## - PUBLICATION, DISTRIBUTION, ETC. (IMPRINT) | |
| Date of publication, distribution, etc. | 2002 |
| Name of publisher, distributor, etc. | Microsoft Press |
| 300 ## - PHYSICAL DESCRIPTION | |
| Extent | 379 |
| 365 ## - TRADE PRICE | |
| Currency code | Rs. |
| Price amount | 599.00 |
| 700 ## - ADDED ENTRY--PERSONAL NAME | |
| Personal name | Esposito D. |
| 9 (RLIN) | 127515 |
| 906 ## - LOCAL DATA ELEMENT F, LDF (RLIN) | |
| d | B:324515-Jan-2004 |
| c | COMP |
| b | 120 |
| Withdrawn status | Lost status | Damaged status | Not for loan | Home library | Current library | Date acquired | Vendor | Budget Code | Cost, normal purchase price | Bill number | Total Checkouts | Full call number | Barcode | Date last seen | Discount | Cost, replacement price | Bill Date | Koha item type | Original Barcode |
|---|---|---|---|---|---|---|---|---|---|---|---|---|---|---|---|---|---|---|---|
| Cummins College of Engineering for Women Pune | Cummins College of Engineering for Women Pune | 05/02/2004 | Technical Book Services | COMP | 479.00 | 3245 | 005.678 | CCEP-BK-17794 | 18/07/2023 | 120 | 599.00 | 15/01/2004 | Books | 017794 |